Finančná analýza a analýza rizika

Základné postupy vykonávania analýz žiadostí o úver založené na tzv. 5P/5C prístupe (jeden z medzinárodne uznávaných analytických postupov). Založený je na preverovaní: 1. žiadateľa o úver (People/Charakter), 2. účelu požadovaného úveru (Purpose/Capacity), 3. zdroja splácania úveru (Payment/Capital)...

ver descrição completa

Na minha lista:
Detalhes bibliográficos
Autor principal: Halúska, A.
Formato: Capítulo de Livro
Idioma:eslovaco
Assuntos:
Tags: Adicionar Tag
Sem tags, seja o primeiro a adicionar uma tag!

MARC

LEADER 00000naa a2200000 4500
001 r018619
005 20221213095354.7
041 0 |a slo 
044 |a SK 
245 1 0 |a Finančná analýza a analýza rizika  |c A. Halúska 
520 |a Základné postupy vykonávania analýz žiadostí o úver založené na tzv. 5P/5C prístupe (jeden z medzinárodne uznávaných analytických postupov). Založený je na preverovaní: 1. žiadateľa o úver (People/Charakter), 2. účelu požadovaného úveru (Purpose/Capacity), 3. zdroja splácania úveru (Payment/Capital), 4. spôsobu zaručenia zaplatenia (Protection/Collateral), 5. celkovej perspektívy a podmienok prípadu (Perspective/Condition). 
610 2 0 |a úver 
610 2 0 |a analýza finančná 
610 2 0 |a riziko 
610 2 0 |a splátky 
100 1 |a Halúska, A.